Mathematical methods for economics (Record no. 3264)

MARC details
000 -LEADER
fixed length control field 00606 a2200193 4500
020 ## - INTERNATIONAL STANDARD BOOK NUMBER
Terms of availability 180.00
035 ## - SYSTEM CONTROL NUMBER
System control number B-79628
037 ## - SOURCE OF ACQUISITION
Source of stock number/acquisition RP-L-341 / PANSY-03-04:34 / RP-03-04:ENG
082 14 - DEWEY DECIMAL CLASSIFICATION NUMBER
Classification number 330.0151
090 ## - LOCALLY ASSIGNED LC-TYPE CALL NUMBER (OCLC); LOCAL CALL NUMBER (OCLC)
-- 3329
-- 3329
100 1# - MAIN ENTRY--PERSONAL NAME
Personal name Bansal, Anjali
245 1# - TITLE STATEMENT
Title Mathematical methods for economics
Statement of responsibility, etc by Anjali Bansal
250 ## - EDITION STATEMENT
Edition statement 3rd rev. & enl. ed.
260 ## - PUBLICATION, DISTRIBUTION, ETC. (IMPRINT)
Place of publication, distribution, etc Delhi
Name of publisher, distributor, etc Nath Enterprises
Date of publication, distribution, etc 2003r
300 ## - PHYSICAL DESCRIPTION
Extent xvi, 521 p
Dimensions 22 cm (pbk)
500 ## - GENERAL NOTE
General note This is reprint 2003
942 ## - ADDED ENTRY ELEMENTS (KOHA)
Institution code [OBSOLETE] dpl
Koha item type English Books
Call number prefix 330.0151 / BAN
Holdings
Withdrawn status Lost status Source of classification or shelving scheme Damaged status Not for loan Collection code Home library Current library Cost, normal purchase price Total Checkouts Full call number Barcode Date last seen Copy number Uniform Resource Identifier Cost, replacement price Price effective from Koha item type
    Dewey Decimal Classification     Non-fiction Central Library Central Library 180.00   330.0151 BAN B-79628 15/09/2008 1 3475 180.00 15/09/2008 English Books

© Delhi Public Library
Hit Counter
free hit counter